| 000 | 00607nam a2200217 a 4500 | ||
|---|---|---|---|
| 001 | BRCA_5747 | ||
| 005 | 20190320205212.0 | ||
| 008 | 070311t1923----gw-a######---#001-0#ger-# | ||
| 041 | _ager | ||
| 044 | _agw | ||
| 050 | 4 |
_aTR74 _b.S36 _c1923 |
|
| 100 | 1 |
_aSchmidt, Fritz. _914579 |
|
| 245 | 1 | 0 | _aWas viele Photographierende Nicht Wissen. |
| 260 |
_aLeipzig _bE.A Seemann _c1923 |
||
| 300 |
_a227 p. _bils. _c20 cm. |
||
| 500 | _aPuntas de la portada doradas; edición con cantos azules; Índice y glosario. | ||
| 500 | _aH62 | ||
| 650 | 1 | 4 |
_aFotografía _zLeipzig _914580 |
| 902 | _aGFM | ||
| 942 |
_2lcc _cB |
||
| 999 |
_c5437 _d5437 |
||